[Event "Toronto NAYCC U18"]
[Site "Toronto"]
[Date "2013.08.17"]
[Round "7"]
[White "Kraiouchkine, Nikita"]
[Black "Inigo, Aquino"]
[Result "1-0"]
[WhiteElo "2311"]
[BlackElo "2241"]
[PlyCount "63"]
[EventDate "2013.08.14"]
[EventType "swiss"]
[EventRounds "9"]
[EventCountry "CAN"]
[SourceTitle "EXT 2022"]
[Source "ChessBase"]
[SourceDate "2021.10.06"]
[SourceVersion "1"]
[SourceVersionDate "2021.10.06"]
[SourceQuality "1"]

1. d4 d5 2. c4 e6 3. Nc3 Nf6 4. Bg5 Be7 5. e3 0-0 6. Nf3 h6 7. Bh4 b6 8. cxd5 Nxd5 9. Bxe7 Qxe7 10. Nxd5 exd5 11. Be2 Be6 12. 0-0 c5 13. dxc5 bxc5 14. Rc1 Nd7 15. Qa4 Nb6 16. Qa3 Rac8 17. Rc3 Rc7 18. Rfc1 Nd7 19. Nd4 Rb7 20. Rb3 Rxb3 21. Nxb3 Rb8 22. Nxc5 Nxc5 23. Rxc5 Rxb2 24. Rc8+ Bxc8 25. Qxe7 Rb1+ 26. Bf1 Ba6 27. h4 Rxf1+ 28. Kh2 Rxf2 29. Qd8+ Kh7 30. Qxd5 Bc8 31. Kg1 Rf5 32. Qa8 1-0

[Event "Toronto Thanksgiving op"]
[Site "Toronto"]
[Date "2011.10.10"]
[Round "6"]
[White "Plotkin, Victor"]
[Black "Inigo, Aquino"]
[Result "1-0"]
[WhiteElo "2387"]
[BlackElo "2154"]
[PlyCount "72"]
[EventDate "2011.10.08"]
[EventType "swiss"]
[EventRounds "6"]
[EventCountry "CAN"]
[SourceTitle "EXT 2022"]
[Source "ChessBase"]
[SourceDate "2021.10.06"]
[SourceVersion "1"]
[SourceVersionDate "2021.10.06"]
[SourceQuality "1"]

1. e4 e6 2. d4 d5 3. Nc3 Bb4 4. exd5 exd5 5. Bd3 Nf6 6. Nge2 0-0 7. 0-0 c6 8. Bg5 Nbd7 9. Ng3 h6 10. Bf4 Re8 11. a3 Ba5 12. Nf5 Bc7 13. Bxc7 Qxc7 14. Qf3 Nf8 15. Nxh6+ gxh6 16. Qxf6 Re6 17. Qh4 Qe7 18. Qxe7 Rxe7 19. Rfe1 Rxe1+ 20. Rxe1 Ne6 21. Ne2 Bd7 22. c3 Ng7 23. Ng3 Kf8 24. f4 Rd8 25. Kf2 Bc8 26. Kf3 Rd6 27. Nf1 f5 28. h3 h5 29. Re5 Rf6 30. Ne3 Kf7 31. g3 Bd7 32. Ng2 Bc8 33. Nh4 Bd7 34. Kf2 Bc8 35. Nf3 Kg6 36. g4 hxg4 1-0

[Event "Toronto Thanksgiving op"]
[Site "Toronto"]
[Date "2011.10.09"]
[Round "4"]
[White "Inigo, Aquino"]
[Black "Calugar, Arthur"]
[Result "1/2-1/2"]
[WhiteElo "2154"]
[BlackElo "2376"]
[PlyCount "93"]
[EventDate "2011.10.08"]
[EventType "swiss"]
[EventRounds "6"]
[EventCountry "CAN"]
[SourceTitle "EXT 2022"]
[Source "ChessBase"]
[SourceDate "2021.10.06"]
[SourceVersion "1"]
[SourceVersionDate "2021.10.06"]
[SourceQuality "1"]

1. d4 d5 2. c4 c6 3. Nf3 Nf6 4. Nc3 a6 5. c5 Nbd7 6. Bf4 b6 7. cxb6 Qxb6 8. Qc2 e6 9. e3 c5 10. dxc5 Nxc5 11. Be2 Be7 12. 0-0 0-0 13. Rfc1 Bb7 14. Rab1 Rac8 15. Nd2 Rfd8 16. Qd1 Nfe4 17. Ndxe4 dxe4 18. Qf1 Bf6 19. b4 Nd3 20. Na4 Rxc1 21. Nxb6 Rxf1+ 22. Kxf1 e5 23. Bg3 Be7 24. Nc4 f6 25. a3 Rc8 26. Na5 Bd5 27. f3 Rc2 28. Rd1 Rc3 29. Ra1 Kf7 30. Be1 Rc8 31. Rd1 Rd8 32. fxe4 Bxe4 33. Bf3 Bxf3 34. gxf3 Nxe1 35. Kxe1 Ke6 36. Rxd8 Bxd8 37. Nb3 Bb6 38. e4 f5 39. Ke2 fxe4 40. fxe4 g5 41. h3 Kd6 42. Nd2 Bc7 43. Kf3 h5 44. Nc4+ Kc6 45. a4 Bd6 46. Nxd6 Kxd6 47. Kg3 1/2-1/2

[Event "US Open-110"]
[Site "Indianapolis"]
[Date "2009.08.06"]
[Round "6"]
[White "Fedorowicz, John P"]
[Black "Inigo, Aquino"]
[Result "1-0"]
[WhiteElo "2469"]
[BlackElo "1906"]
[PlyCount "92"]
[EventDate "2009.08.01"]
[EventType "swiss"]
[EventRounds "9"]
[EventCountry "USA"]
[SourceTitle "CBM 131 Extra"]
[Source "ChessBase"]
[SourceDate "2009.09.03"]
[SourceVersion "2"]
[SourceVersionDate "2009.09.16"]
[SourceQuality "1"]

1. d4 d5 2. c4 e6 3. Nc3 Nf6 4. cxd5 exd5 5. Bg5 Be7 6. e3 0-0 7. Bd3 Be6 8. Nge2 c6 9. Nf4 Nbd7 10. 0-0 Qc7 11. Rc1 Rae8 12. a3 Qb8 13. Nxe6 fxe6 14. Bb1 e5 15. dxe5 Nxe5 16. Bf4 Bd6 17. h3 Nc4 18. Bxd6 Nxd6 19. Qd4 Nfe4 20. Nxe4 Nxe4 21. b4 Rf6 22. b5 Rg6 23. bxc6 bxc6 24. Bd3 Rg5 25. Rxc6 Kh8 26. Bxe4 dxe4 27. Rfc1 Rf8 28. Qxe4 Qb2 29. R6c2 Qxa3 30. Rc8 Rg6 31. Rxf8+ Qxf8 32. Qb7 Rd6 33. Rc8 Rd8 34. Rxd8 Qxd8 35. Qxa7 h6 36. Qd4 Qa5 37. e4 Qe1+ 38. Kh2 Qe2 39. f3 Qe1 40. Qe5 Qe3 41. Qf5 Qe2 42. e5 Qb5 43. f4 Qe2 44. e6 h5 45. Qf8+ Kh7 46. e7 Qd1 1-0

[Event "CAN-ch U14"]
[Site "Quebec"]
[Date "2008.07.15"]
[Round "3"]
[White "Kleinman, Michael"]
[Black "Inigo, Aquino"]
[Result "1-0"]
[WhiteElo "2012"]
[BlackElo "2045"]
[PlyCount "79"]
[EventDate "2008.07.14"]
[EventType "swiss"]
[EventRounds "7"]
[EventCountry "CAN"]
[SourceTitle "EXT 2011"]
[Source "ChessBase"]
[SourceDate "2010.11.26"]
[SourceVersion "1"]
[SourceVersionDate "2010.11.26"]
[SourceQuality "1"]

1. e4 e6 2. d4 d5 3. Bd3 dxe4 4. Bxe4 Nf6 5. Bf3 Be7 6. Ne2 0-0 7. 0-0 c5 8. Be3 cxd4 9. Qxd4 Nbd7 10. Rd1 Bc5 11. Qd2 Bxe3 12. Qxe3 Qc7 13. Nbc3 a6 14. a4 Ne5 15. Nd4 Neg4 16. Bxg4 Nxg4 17. Qg3 Qxg3 18. hxg3 Nf6 19. a5 Bd7 20. f3 Rfd8 21. g4 h6 22. Kf2 Rac8 23. Ra3 Be8 24. Ke2 Nd5 25. Nxd5 Rxd5 26. Rd2 Rcd8 27. c3 Kf8 28. Kd1 e5 29. Nb3 Rxd2+ 30. Nxd2 Bc6 31. Ke2 Ke7 32. c4 f6 33. Rd3 Rxd3 34. Kxd3 Kd6 35. b4 Be8 36. Ne4+ Kc6 37. Ng3 Bg6+ 38. Kc3 Kd6 39. Nf5+ Bxf5 40. gxf5 1-0

[Event "Guelph Winter Pro Am"]
[Site "Guelph"]
[Date "2008.02.02"]
[Round "5"]
[White "Inigo, Aquino"]
[Black "Henry, Liam"]
[Result "0-1"]
[WhiteElo "2041"]
[BlackElo "2292"]
[PlyCount "50"]
[EventDate "2008.02.02"]
[EventType "swiss"]
[EventRounds "5"]
[EventCountry "CAN"]
[SourceTitle "EXT 2011"]
[Source "ChessBase"]
[SourceDate "2010.11.26"]
[SourceVersion "1"]
[SourceVersionDate "2010.11.26"]
[SourceQuality "1"]

1. d4 Nf6 2. c4 g6 3. Nc3 d5 4. cxd5 Nxd5 5. e4 Nxc3 6. bxc3 Bg7 7. Nf3 c5 8. Rb1 0-0 9. Be2 Nc6 10. d5 Ne5 11. Nxe5 Bxe5 12. Qd2 e6 13. f4 Bc7 14. 0-0 exd5 15. exd5 Ba5 16. Bb2 Bf5 17. Rbd1 Re8 18. Rfe1 Qd6 19. Bc4 a6 20. a4 Bd7 21. Bb3 Rxe1+ 22. Rxe1 c4 23. Bc2 Qb6+ 24. Kf1 Qxb2 25. Re7 Bf5 0-1

[Event "CAN-ch"]
[Site "Kitchener"]
[Date "2007.08.02"]
[Round "3"]
[White "Inigo, Aquino"]
[Black "Stevens, Christian"]
[Result "0-1"]
[WhiteElo "1852"]
[BlackElo "2288"]
[PlyCount "92"]
[EventDate "2007.08.01"]
[EventType "swiss"]
[EventRounds "9"]
[EventCountry "CAN"]
[SourceTitle "EXT 2022"]
[Source "ChessBase"]
[SourceDate "2021.10.06"]
[SourceVersion "1"]
[SourceVersionDate "2021.10.06"]
[SourceQuality "1"]

1. d4 Nf6 2. c4 e6 3. Nf3 c5 4. e3 cxd4 5. Nxd4 a6 6. Be2 Qc7 7. Nc3 b6 8. Bf3 Bb7 9. Bxb7 Qxb7 10. Qf3 Ra7 11. Qxb7 Rxb7 12. Bd2 Be7 13. Ke2 0-0 14. Kf3 Rc8 15. b3 Nc6 16. Nxc6 Rxc6 17. Ne4 Ne8 18. a3 f5 19. Nc3 b5 20. cxb5 axb5 21. a4 bxa4 22. bxa4 Bf6 23. Ra3 Nd6 24. Rb1 Rxc3 25. Rxb7 Rxa3 26. Rb8+ Kf7 27. Bb4 Rd3 28. a5 Bc3 29. a6 Bxb4 30. a7 Ra3 31. a8Q Rxa8 32. Rxa8 Ne4 33. Ke2 d5 34. Rb8 Bf8 35. Rb7+ Kf6 36. f4 Be7 37. g3 Nd6 38. Rc7 Nc4 39. h3 Bd8 40. Rc6 Bb6 41. g4 Bxe3 42. Kf3 g5 43. fxg5+ Bxg5 44. Rc7 fxg4+ 45. Kxg4 h6 46. h4 Bd2 0-1

[Event "Canadian op"]
[Site "Ottawa"]
[Date "2007.07.09"]
[Round "4"]
[White "Bick, John D"]
[Black "Inigo, Aquino"]
[Result "1/2-1/2"]
[WhiteElo "2217"]
[BlackElo "1852"]
[PlyCount "121"]
[EventDate "2007.07.07"]
[EventType "swiss"]
[EventRounds "10"]
[EventCountry "CAN"]
[SourceTitle "CBM 119 Extra"]
[Source "ChessBase"]
[SourceDate "2007.09.04"]
[SourceVersion "1"]
[SourceVersionDate "2007.09.04"]
[SourceQuality "1"]

1. d4 d5 2. c4 c6 3. cxd5 cxd5 4. Nc3 Nf6 5. Bf4 Nc6 6. Nf3 Bf5 7. e3 a6 8. Rc1 Rc8 9. Be2 e6 10. 0-0 Be7 11. Qb3 Na5 12. Qa4+ Nc6 13. Bxa6 bxa6 14. Ne5 Qb6 15. Nd1 Qb5 16. Qxb5 axb5 17. Rxc6 Rxc6 18. Nxc6 Nh5 19. Bc7 Kd7 20. Nxe7 Kxe7 21. Ba5 Rc8 22. Nc3 Rb8 23. Bb4+ Kd7 24. Rc1 Nf6 25. Kf1 Ne4 26. Nxe4 Bxe4 27. f3 Bd3+ 28. Ke1 Rc8 29. Bc5 Ra8 30. a3 Rb8 31. Kd2 Bf5 32. Rc3 Ra8 33. Rb3 Kc6 34. Bb4 Bb1 35. Rc3+ Kb7 36. Rc5 Kb6 37. Rc1 Bg6 38. Bd6 Re8 39. Bc7+ Kb7 40. Bd6 Rc8 41. Rxc8 Kxc8 42. Bf8 Bb1 43. Bxg7 Ba2 44. Kc3 Kb7 45. Bf6 Bc4 46. Kb4 Kc6 47. Be7 Bf1 48. g3 Be2 49. f4 Bd3 50. Ka5 Kb7 51. Kb4 Kc6 52. Kc3 Be2 53. Kb4 Bd3 54. b3 f5 55. Bf8 h5 56. Ka5 Kb7 57. Bb4 Be2 58. Bf8 Bf1 59. Kb4 Kc6 60. Ka5 Kb7 61. Bb4 1/2-1/2

[Event "CAN-ch U12"]
[Site "Ottawa"]
[Date "2007.07.04"]
[Round "4"]
[White "Li, Changhe"]
[Black "Inigo, Aquino"]
[Result "0-1"]
[WhiteElo "1807"]
[BlackElo "1995"]
[PlyCount "109"]
[EventDate "2007.07.03"]
[EventType "swiss"]
[EventRounds "7"]
[EventCountry "CAN"]
[SourceTitle "EXT 2022"]
[Source "ChessBase"]
[SourceDate "2021.10.06"]
[SourceVersion "1"]
[SourceVersionDate "2021.10.06"]
[SourceQuality "1"]

1. e4 e6 2. d4 d5 3. Nc3 Bb4 4. e5 c5 5. a3 Bxc3+ 6. bxc3 Ne7 7. Qg4 0-0 8. Nf3 Nbc6 9. Bd3 f5 10. exf6 Rxf6 11. Qh5 h6 12. 0-0 c4 13. Be2 Bd7 14. Nh4 Qe8 15. f4 Qxh5 16. Bxh5 Raf8 17. Nf3 Be8 18. Bxe8 Rxe8 19. a4 b6 20. g3 Nf5 21. Ba3 Na5 22. Rae1 Nb7 23. Rf2 Nfd6 24. Bxd6 Nxd6 25. Nd2 Kf7 26. Rb1 g5 27. fxg5 Rxf2 28. Kxf2 hxg5 29. h4 gxh4 30. gxh4 Rh8 31. Rh1 Kg6 32. Rg1+ Kf6 33. Rh1 b5 34. axb5 Nxb5 35. Nb1 a5 36. Kg3 a4 37. Rf1+ Kg6 38. Kg4 a3 39. Nxa3 Nxa3 40. Rf2 Nb1 41. Re2 Re8 42. h5+ Kh6 43. Rf2 Nxc3 44. Rf6+ Kg7 45. Rg6+ Kh7 46. Kg5 Rg8 47. Rxg8 Kxg8 48. Kf6 Kh7 49. Kxe6 Kh6 50. Kf6 Kxh5 51. Kf5 Nd1 52. Kf6 Ne3 53. Ke5 Kg4 54. Kd6 Kf5 55. Kc6 0-1